000
00204 a2200097 4500
020
_a
9780822577850
041
_a
spa
100
_a
Patrick, Jean L.S.
245
_a
La nina que poncho a Babe Ruth
942
_c
BK
999
_c
4530
_d
4530